000 00443nam a2200169Ia 4500
008 100122s9999 xx 000 0 und d
082 _b56589
_a823.08
100 _aमुजावर बशीर
245 _aमळभ
260 _bसाहेबजी प्रकाशन
_c1997
300 _a203
520 _aगूढकथा
620 _aगूढकथा
630 _aमळभ
730 _aमळभ
942 _cBOOK
999 _c432996
_d432993